Reagents for Organic Synthesis

Bibliographic Details
Main Authors: Fieser, Mary, Fieser, Louis.
Format: Section = Libro
Language:Undetermined
Spanish
Published: United Stated Wiley 1969
Subjects:
LEADER 00560nam a2200217Ia 4500
008 240830s9999 xx 000 0 und d
020 |a 417-25876-8 
040 |a CEDOC FIQ-RUSB / 547 F467 
041 |a spa 
082 |a 547 F467 
100 1 |a Fieser, Mary 
100 1 |b Fieser, Louis. 
245 1 0 |a Reagents for Organic Synthesis 
260 |a United Stated  |b Wiley  |c 1969 
300 |a 538 p. :il. 
650 7 |a QUÍMICA ORGÁNICA 
650 7 |b  SÍNTESIS ORGÁNICO 
650 7 |c  QUÍMICA ORGANOMETÁLICA 
942 |c BK  |2 ddc 
991 |a TEXTO 
999 |c 14051